000 00555nam a2200193Ia 4500
005 20250507130246.0
008 008 250505s9999 xx 000 0 eng d
037 _aSeries Article
040 _aEASL
_beng
_cEASL
041 _aeng
_2eng
084 _qEASL
100 _aBreaster Yomi
_9669131
245 0 _aChinese cinema in tje age of advertisement ; The filmmaker as a cultural broker
260 _aUK
_bUK Cambridge Univesity Press UK
_c2005
300 _a532-548
650 _aChina
942 _cSRA
999 _c1318613
_d1318613